| 000 | 00764nam a2200181 i 4500 | ||
|---|---|---|---|
| 001 | 153268 | ||
| 003 | ES-MaACL | ||
| 005 | 20250727015755.0 | ||
| 008 | 990629s1846 sp |||| | spa d | ||
| 245 | 0 | 0 | _aCorona poética a S. M. y A. en su feliz enlace con sus augustos primos, los Sermos. Señores Duques de Cádiz y de Montpensier. |
| 260 |
_aMadrid : _b[s.n.], _c1846 ( _fImp. de M. Rivadeneyra y Comp.) |
||
| 300 |
_a55 p. ; _c22 cm. |
||
| 530 | _aDisponible en formato digital. | ||
| 600 | 0 | 4 |
_aIsabel _bII, _cReina de España _965524 |
| 852 | 4 |
_aES-MaACL _jT-34-F-1 _z- Enc. hol. _z- Enc. en un vol. facticio |
|
| 856 | 4 |
_uhttps://repositorio.bde.es/handle/123456789/16285 _zRepositorio Institucional del Banco de España |
|
| 999 |
_c153268 _d153268 |
||